Po osamělých cestách ; Rodné lány : román /
Uložené v:
| Hlavný autor: | |
|---|---|
| Médium: | Kniha |
| Jazyk: | Czech |
| Vydané: |
Praha :
Zemědělské knihkupectví A. Neubert,
1914.
|
| Edícia: | Zahradník-Brodský, Bohumil, 1862-1939. Nové sebrané spisy (A. Neubert)
Zahradník-Brodský, Bohumil, 1862-1939. Souborné vydání spisů (A. Neubert) |
| ISBN: |
(viaz.) |
| Fyzický popis: |
488 s. |
| Tagy: |
Pridať tag
Žiadne tagy, Buďte prvý kto otaguje tento záznam!
|
Titul je dostupný aj v ... 

MARC
| LEADER | 00000nam a22000001 4500 | ||
|---|---|---|---|
| 001 | 000426713 | ||
| 005 | 20260424075633.0 | ||
| 008 | 000921 1914 xr e cze d | ||
| FMT | |||
| 020 | |a (viaz.) |c Kčs 10,00 | ||
| 040 | |a SVKKK |b slo |c SVKKK |e AACR2 | ||
| 041 | 0 | |a cze | |
| 044 | |a xr |c Cz | ||
| 100 | 1 | |a Zahradník-Brodský, Bohumil, |d 1862-1939 |4 aut | |
| 245 | 1 | 0 | |a Po osamělých cestách ; |b Rodné lány : román / |c Bohumil Zahradník-Brodský. |
| 260 | |a Praha : |b Zemědělské knihkupectví A. Neubert, |c 1914. | ||
| 300 | |a 488 s. | ||
| 490 | 1 | |a Nové sebrané spisy Bohumila Zahradníka-Brodského |v sv. 1 | |
| 490 | 1 | |a Souborné vydání |v 22 | |
| 500 | |a Vlastné meno autora Bohumil Zahradník | ||
| 500 | |a Autor používal aj pseudonym O. Leksa | ||
| 740 | 0 | 2 | |a Rodné lány |
| 800 | 1 | |a Zahradník-Brodský, Bohumil, |d 1862-1939. |t Nové sebrané spisy (A. Neubert) | |
| 800 | 1 | |a Zahradník-Brodský, Bohumil, |d 1862-1939. |t Souborné vydání spisů (A. Neubert) | |
| 910 | |a svkkk | ||
| 998 | |a BK | ||
| OWN | |||
| Z30 | 1 | |l SCK01 |l SCK01 |m BOOK |1 SCKHL |2 SK1 |b Sklad Hlavná 10 suterén |3 I.24968 |6 278058 |q 19630710 |5 2720424874 |8 20130710 |g EMPTYKNIHA |f 09 |s Prezenčne |h SCKRT |t 00000000 |u 0000 |w 000426713 |x 000010 |r 000 | |
| a02 | 0 | |a (viaz.) | |
| 090 | |g SCKHL |k Sklad Hlavná 10 suterén |a I.24968 |j 278058 |i 2720424874 |s Prezenčne |r 000 | ||